Anti-lock brake systems. (Record no. 18882)

000 -LEADER
fixed length control field 00750nam a2200217 a 4500
040 ## - CATALOGING SOURCE
Transcribing agency DLC
082 00 - DEWEY DECIMAL CLASSIFICATION NUMBER
Classification number 629 MIT 1997 C153 Or.
245 00 - TITLE STATEMENT
Title Anti-lock brake systems.
246 14 - VARYING FORM OF TITLE
Title proper/short title AlliedSignal Bendix brake training book
246 18 - VARYING FORM OF TITLE
Title proper/short title AlliedSignal automotive service training manual
250 ## - EDITION STATEMENT
Edition statement 4th ed.
260 ## - PUBLICATION, DISTRIBUTION, ETC. (IMPRINT)
Place of publication [San Diego, CA] :
Name of publisher Mitchell International,
Year of publication c1997.
300 ## - PHYSICAL DESCRIPTION
Number of Pages 305 p. :
Other physical details ill. ;
Dimensions 28 cm.
500 ## - GENERAL NOTE
General note "Prepared expressly for AlliedSignal Inc. Automotive Aftermarket by Mitchell International"--T.p. verso.
500 ## - GENERAL NOTE
General note "Issued January 1997"--Cover.
500 ## - GENERAL NOTE
General note "AH 8813"--Cover.
650 #0 - SUBJECT ADDED ENTRY--TOPICAL TERM
Topical Term Automobiles
710 2# - ADDED ENTRY--CORPORATE NAME
Corporate name or jurisdiction name as entry element Mitchell International.
710 2# - ADDED ENTRY--CORPORATE NAME
Corporate name or jurisdiction name as entry element AlliedSignal Automotive Aftermarket.
942 ## - ADDED ENTRY ELEMENTS (KOHA)
Koha item type ADB
952 ## - LOCATION AND ITEM INFORMATION (KOHA)
Withdrawn status [LOCAL, KOHA] 0
Holdings
Koha item type Source of acquisition Lost status Permanent Location Current Location Date acquired Full call number
សៀវភៅភាសាអង់គ្លេសA33999 Library Block CLibrary Block C2020-02-07629 MIT 1997 C153 Or.
មជ្ឈមណ្ឌលឯការនៃសាកលវិទ្យាល័យភូមិន្ទកសិកម្មចំការដូង

Powered by Koha